Name All Toronto Subway Stations [2026] - Statistics

General Stats
  • This quiz has been taken 17 times
  • The average score is 65 of 109
Answer Stats
Line Answer % Correct
1 College
93%
1 Vaughan Metropolitan Centre
93%
1,2 Bloor-Yonge
86%
1 Finch
86%
2 Jane
86%
2,3 Kennedy
86%
1 King
86%
1 Lawrence
86%
1 Queen
86%
1,4 Sheppard-Yonge
86%
1,2 Spadina
86%
1 Union
86%
1 York University
86%
2 Bathurst
79%
2 Bay
79%
2 Christie
79%
4 Don Mills
79%
2 Dufferin
79%
1,3 Eglinton
79%
1 Glencairn
79%
1 Highway 407
79%
2 Islington
79%
2 Kipling
79%
1 Lawrence West
79%
2 Main Street
79%
1 Museum
79%
1 Osgoode
79%
1 Pioneer Village
79%
1 St. Andrew
79%
1 St. Clair
79%
2 Victoria Park
79%
4 Bayview
71%
1,3 Cedarvale
71%
1 Downsview Park
71%
2 Dundas West
71%
1 Dupont
71%
1,6 Finch West
71%
1 North York Centre
71%
2 Ossington
71%
1 Queen's Park
71%
1 Rosedale
71%
2 Royal York
71%
2 Runnymede
71%
1 Sheppard West
71%
1 St. Clair West
71%
1,2 St. George
71%
1 St Patrick
71%
1 Summerhill
71%
1 TMU
71%
2 Warden
71%
1 Wilson
71%
1 Yorkdale
71%
4 Bessarion
64%
2 Castle Frank
64%
2 Coxwell
64%
1 Davisville
64%
2 Donlands
64%
2 Greenwood
64%
2 High Park
64%
2 Keele
64%
3 Mount Dennis
64%
2 Old Mill
64%
6 Humber College
57%
2 Lansdowne
57%
2 Pape
57%
2 Sherbourne
57%
1 Wellesley
57%
1 York Mills
57%
3 Aga Khan Park & Museum
50%
3 Avenue
50%
2 Broadview
50%
3 Keelesdale
50%
3 Laird
50%
4 Leslie
50%
3 Mount Pleasant
50%
2 Woodbine
50%
3 Caledonia
43%
3 Chaplin
43%
2 Chester
43%
3 Golden Mile
43%
3 Hakimi Lebovic
43%
6 Jane and Finch
43%
6 Emery
36%
3 Fairbank
36%
3 Forest Hill
36%
3 Leaside
36%
3 Oakwood
36%
3 O'Connor
36%
3 Pharmacy
36%
3 Science Centre
36%
3 Sunnybrook Park
36%
6 Albion
29%
3 Birchmount
29%
6 Driftwood
29%
6 Duncanwoods
29%
3 Ionview
29%
6 Martin Grove
29%
6 Norfinch Oakdale
29%
6 Pearldale
29%
6 Rowntree Mills
29%
6 Sentinel
29%
6 Stevenson
29%
6 Tobermory
29%
6 Mount Olive
21%
6 Signet Arrow
21%
3 Sloane
21%
6 Westmore
21%
3 Wynford
21%
6 Mulvan Rumike
0%
No matching quizzes found
Score Distribution
Percent of People with Each Score
Percentile by Number Answered
Your Score History
You have not taken this quiz